La isla, yo y el ineludible imaginar /
محفوظ في:
| المؤلف الرئيسي: | |
|---|---|
| التنسيق: | مقال |
| اللغة: | Spanish |
| الوسوم: |
إضافة وسم
لا توجد وسوم, كن أول من يضع وسما على هذه التسجيلة!
|
MARC
| LEADER | 00000nab a22000007ab4500 | ||
|---|---|---|---|
| 001 | 000003 | ||
| 003 | CIICLA | ||
| 005 | 20160912102448.0 | ||
| 006 | str|p r|||| 00| b2 | ||
| 007 | ta | ||
| 008 | 131101s2006 cr tr|p r ||| |0| b|spa d | ||
| 040 | |a CIICLA |b español |c CIICLA | ||
| 041 | 0 | |a español | |
| 100 | 1 | |a Rocasolano, Alberto | |
| 245 | 0 | 0 | |a La isla, yo y el ineludible imaginar / |c Alberto Rocasolano |
| 300 | |a 75-78 páginas | ||
| 650 | 1 | 7 | |2 LEMB |
| 773 | 0 | |t Casa de las Américas | |
| 773 | 0 | |g Número 243 (2006), páginas 75-78 | |
| 773 | 0 | |a En: Casa de las Américas |d La Habana, Cuba : Casa de las Américas, 1940- |o 14801 |t Casa de las Américas | |
| 942 | |2 ddc |c ARC | ||
| 999 | |c 770 |d 770 | ||
